| 000 | 00462nam a22001337a 4500 | ||
|---|---|---|---|
| 082 | _aMSIT-12 RAS | ||
| 100 |
_aOwais Rashid _998275 |
||
| 245 | _aIntelligent decision making and planning for call center | ||
| 260 |
_aIslamabad _bNUST-SEECS _c2015 |
||
| 300 |
_a36p. _bill.; _eCD ROM |
||
| 500 | _aDr. Ali Mustafa Qamar, Dr. Sharifullah Khan, Dr. M. Muneeb ullah, Dr. Omar Arif | ||
| 856 | _u http://10.250.8.41:8080/xmlui/handle/123456789/10079 | ||
| 942 |
_cPR _2ddc |
||
| 999 |
_c13429 _d13429 |
||